Countries With the Most American Immigrants - Statistics

General Stats
  • This quiz has been taken 99 times
  • The average score is 12 of 15
Answer Stats
Number Country % Correct
1,000,000 Canada
100%
1,500,000 Mexico
100%
139,000 - 197,143 United Kingdom
99%
150,000 - 200,000 France
97%
324,000 Germany
97%
110,000 China
94%
60,000 Brazil
92%
59,172 - 153,389 Japan
92%
56,276 Australia
90%
1,000,000 India
80%
120,000 - 158,000 South Korea
75%
200,000 Israel
56%
220,000 - 600,000 Philippines
52%
70,000 Singapore
39%
130,000 Costa Rica
36%
No matching quizzes found
Score Distribution
Percent of People with Each Score
Percentile by Number Answered
Your Score History
You have not taken this quiz